Spieler des Monats Bundesliga Saison 2021/2022 - Statistiken

Allgemein
  • Dieses Quiz wurde 468 mal gespielt
  • Das Durchschnittsergebnis liegt bei 7 aus 9
Antwortstatistiken
Monat Verein Spieler % Korrekt
Oktober 2021 RB Leipzig Christopher Nkunku
94%
Februar 2022 RB Leipzig Christopher Nkunku
94%
März 2022 RB Leipzig Christopher Nkunku
94%
April 2022 RB Leipzig Christopher Nkunku
94%
August 2021 Borussia Dortmund Erling Haaland
81%
September 2021 Bayer 04 Leverkusen Florian Wirtz
78%
Januar 2022 FC Bayern München Thomas Müller
75%
Dezember 2021 Bayer 04 Leverkusen Patrik Schick
69%
November 2021 FC Bayern München Alphonso Davies
48%
Keine übereinstimmenden Quizze gefunden
Verteilung der Resultate
Anzahl Personen mit jedem Resultat
Perzentil nach korrekt beantworteten Fragen
Ihre Resultats-Entwicklung
Sie haben dieses Quiz noch nicht gespielt